00366 a2200109 4500001001000000005001700010008004100027245008800068100002100156773006200177999001700239ART_5419320260410161850.0260409a 10aLos sectores claves para el trabajo asalariado en la economía argentina 1970-19831 aMontuschi, Luisa0 tEconómicag- Año XXXI, Nº1 (ene./abr. 1985)wREV7541 c24960d24960